Consecuencias políticas y sociales de la movilidad (Record no. 12248)
[ view plain ]
| 000 -CABECERA | |
|---|---|
| campo de control de longitud fija | 00549caa a22001572a 4500 |
| 001 - NÚMERO DE CONTROL | |
| campo de control | 006428 |
| 003 - IDENTIFICADOR DEL NÚMERO DE CONTROL | |
| campo de control | AR-FADEU |
| 008 - DATOS DE LONGITUD FIJA--INFORMACIÓN GENERAL | |
| campo de control de longitud fija | 311216n########xxu####################dd |
| 092 ## - ASIGNACIÓN LOCAL DE SIGNATURA TOPOGRÁFICA DEWEY (OCLC) | |
| Número de clasificación | 303.44 |
| Número de documento/Ítem | M689 |
| 100 ## - ENTRADA PRINCIPAL--NOMBRE DE PERSONA | |
| Nombre de persona | Germani, Gino |
| 245 ## - MENCIÓN DE TÍTULO | |
| Título | Consecuencias políticas y sociales de la movilidad |
| 300 ## - DESCRIPCIÓN FÍSICA | |
| Extensión | PP. 33-78 |
| 500 ## - NOTA GENERAL | |
| Nota general | En: Modernización y desarrollo social /ed. Nilda Sito. Buenos Aires : Nueva Visión, 1970 |
| 773 0# - ENLACE AL DOCUMENTO FUENTE/ENTRADA DE REGISTRO ANFITRIÓN | |
| Número bibliográfico anfitrión | 12247 |
| Número de ítem anfitrión | 10753 |
| Encabezamiento principal | |
| Edición | |
| Lugar, editor y fecha de publicación | Buenos Aires |
| Otro identificador del documento | 6561 |
| Título | MODERNIZACION y desarrollo social |
| Número de control del registro | ( AR-FADEU) 006427 |
| Número Internacional Normalizado para Publicaciones Seriadas | |
| Número Internacional Estándar del Libro | |
| 942 ## - ELEMENTOS DE PUNTO DE ACCESO ADICIONAL (KOHA) | |
| Tipo de ítem Koha | BDGR |
No items available.